000 00795cam a2200205 i 4500
005 20260211104147.0
008 250721s2005 le gr 000 f ara d
020 _a9953449333
082 1 4 _aق/
_bم و ن
100 1 _aمونتبان، كزافيية
_eمؤلف.
245 1 0 _aبائعة الخبز /
_cتأليف كزافييه دم مونتبان ؛ إعداد وتحليل وتقديم الدكتور رحاب عكاوي.
264 3 1 _aبيروت :
_bدار الحرف العربي،
_c2005.
300 _a294صفحة.
490 0 _aأجمل الروايات العالمية ؛
650 1 7 _aالقصص المترجمة.
700 1 _aعكاوي، رحاب
_eمعد.
830 0 _aأجمل الروايات العالمية.
942 _2ddc
_cBK
999 _c102377
_d102377